000 00560nam a2200229 a 4500
999 _c4596
_d4596
001 4596
003 BD-JhCC
005 20171128201159.0
008 171128s1948 e |||| ||a| 000 0 eng d
035 _a(BD-JhCC) 4596
040 _aBD-JhCC
_dBD-JhCC
041 _aeng
082 _a428.6
_bROM 1948
245 _aTHE ROMANCE OF READING /
_bR K and M I R
260 _aLondon :
_bOxford University press ,
_c1948
300 _a224 p .:
_c22 cm .
490 _aBook IV
650 _aReaders
700 _aPolkinghorne
942 _2ddc
_cBK